MARC details
| 000 -LEADER |
| fixed length control field |
01224nam a22003255a 4500 |
| 008 - FIXED-LENGTH DATA ELEMENTS--GENERAL INFORMATION |
| fixed length control field |
150818s2004 n a|||frb||| 001 0 eng d |
| 010 ## - LIBRARY OF CONGRESS CONTROL NUMBER |
| LC control number |
2004046073 |
| 020 ## - INTERNATIONAL STANDARD BOOK NUMBER |
| International Standard Book Number |
9781403962690 |
| 020 ## - INTERNATIONAL STANDARD BOOK NUMBER |
| International Standard Book Number |
1403962693 (pbk.) |
| 035 ## - SYSTEM CONTROL NUMBER |
| System control number |
(OCoLC)ocm54685370 |
| 040 ## - CATALOGING SOURCE |
| Original cataloging agency |
EG-ScBUE |
| Language of cataloging |
Eng |
| Transcribing agency |
EG-ScBUE |
| 082 04 - DEWEY DECIMAL CLASSIFICATION NUMBER |
| Classification number |
364.1323 |
| Item number |
STR |
| Edition number |
22 |
| 245 04 - TITLE STATEMENT |
| Title |
The struggle against corruption : |
| Remainder of title |
a comparative study / |
| Statement of responsibility, etc |
edited by Roberta Ann Johnson. |
| 250 ## - EDITION STATEMENT |
| Edition statement |
1st ed. |
| 260 ## - PUBLICATION, DISTRIBUTION, ETC. (IMPRINT) |
| Place of publication, distribution, etc |
New York : |
| Name of publisher, distributor, etc |
Palgrave Macmillan, |
| Date of publication, distribution, etc |
c.2004. |
| 300 ## - PHYSICAL DESCRIPTION |
| Extent |
xi, 178 p. ; |
| Dimensions |
24 cm. |
| 490 #0 - Series Statement |
| Series statement |
Perspectives in comparative politics. |
| 500 ## - GENERAL NOTE |
| General note |
Index : p. 169-178. |
| 504 ## - BIBLIOGRAPHY, ETC. NOTE |
| Bibliography, etc |
Includes bibliographical references. |
| 590 ## - LOCAL NOTE (RLIN) |
| Local note |
Menna Elemam |
| 650 #0 - SUBJECT ADDED ENTRY--TOPICAL TERM |
| Topical term or geographic name as entry element |
Commercial crimes. |
| Source of heading or term |
BUEsh |
| 9 (RLIN) |
1177 |
| 650 #0 - SUBJECT ADDED ENTRY--TOPICAL TERM |
| Topical term or geographic name as entry element |
White collar crimes. |
| Source of heading or term |
BUEsh |
| 650 #0 - SUBJECT ADDED ENTRY--TOPICAL TERM |
| Topical term or geographic name as entry element |
Globalization. |
| Source of heading or term |
BUEsh |
| 651 ## - SUBJECT ADDED ENTRY--GEOGRAPHIC NAME |
| Source of heading or term |
BUEsh |
| 653 ## - INDEX TERM--UNCONTROLLED |
| Resource For college |
BAEPS, Business Administration |
| Arrived date list |
August2015 |
| 856 42 - ELECTRONIC LOCATION AND ACCESS |
| Materials specified |
Contributor biographical information |
| Uniform Resource Identifier |
<a href="http://www.loc.gov/catdir/bios/hol059/2004046073.html">http://www.loc.gov/catdir/bios/hol059/2004046073.html</a> |
| 856 42 - ELECTRONIC LOCATION AND ACCESS |
| Materials specified |
Publisher description |
| Uniform Resource Identifier |
<a href="http://www.loc.gov/catdir/description/hol053/2004046073.html">http://www.loc.gov/catdir/description/hol053/2004046073.html</a> |
| 856 42 - ELECTRONIC LOCATION AND ACCESS |
| Materials specified |
Table of contents |
| Uniform Resource Identifier |
<a href="http://www.loc.gov/catdir/toc/fy052/2004046073.html">http://www.loc.gov/catdir/toc/fy052/2004046073.html</a> |
| 942 ## - ADDED ENTRY ELEMENTS (KOHA) |
| Item type |
Book - Borrowing |
| Call number prefix |
364.1323 STR |
| Source of classification or shelving scheme |
Dewey Decimal Classification |